000 00648nam a2200217 i 4500
001 58205
003 ES-MaACL
005 20230906163741.0
007 t|
008 031021s1986 sp ||||1| spa d
020 _a84-398-7171-6
100 1 _aDurán, Emilio.
_946178
245 1 0 _aCatacumba de rosas /
_cEmilio Durán ; [prólogo de Antonio Enrique].
260 _a[S.l. :
_bs.n.,
_c1986] (
_eSevilla :
_fGráf. Rublan)
300 _a82 p. ;
_c17 cm.
490 1 _aEl carro de la nieve
700 1 _aEnrique, Antonio.
_947265
830 0 _aEl carro de la nieve
_9182639
852 _aES-MaACL
_jL-12553
_bR.113172
999 _c58205
_d58205